All Ultra Beasts, Legendary Pokémon and Mythical Pokémon - Statistics

General Stats
  • This quiz has been taken 11,024 times
    4,790 since last reset
  • The average score is 64 of 105
Answer Stats
Nat. Dex # Pokémon % Correct
#151 Mew
98%
#150 Mewtwo
97%
#145 Zapdos
96%
#144 Articuno
95%
#146 Moltres
95%
#244 Entei
90%
#383 Groudon
90%
#250 Ho-oh
89%
#382 Kyogre
89%
#249 Lugia
89%
#245 Suicune
89%
#384 Rayquaza
88%
#483 Dialga
86%
#484 Palkia
86%
#243 Raikou
86%
#251 Celebi
82%
#493 Arceus
81%
#487 Giratina
81%
#378 Regice
81%
#377 Regirock
81%
#379 Registeel
81%
#644 Zekrom
80%
#643 Reshiram
79%
#486 Regigigas
75%
#491 Darkrai
74%
#380 Latias
74%
#381 Latios
74%
#792 Lunala
74%
#716 Xerneas
74%
#717 Yveltal
74%
#791 Solgaleo
73%
#385 Jirachi
72%
#718 Zygarde
72%
#482 Azelf
70%
#386 Deoxys
70%
#480 Uxie
70%
#646 Kyurem
69%
#494 Victini
69%
#481 Mesprit
67%
#638 Cobalion
65%
#888 Zacian
65%
#889 Zamazenta
65%
#488 Cresselia
64%
#485 Heatran
64%
#492 Shaymin
64%
#640 Virizion
64%
#645 Landorus
63%
#490 Manaphy
63%
#639 Terrakion
63%
#647 Keldeo
62%
#641 Tornadus
62%
#794 Buzzwole
61%
#785 Tapu Koko
61%
#800 Necrozma
60%
#489 Phione
60%
#786 Tapu Lele
59%
#642 Thundurus
59%
#789 Cosmog
58%
#787 Tapu Bulu
58%
#788 Tapu Fini
58%
#890 Eternatus
57%
#799 Guzzlord
57%
#790 Cosmoem
54%
#798 Kartana
54%
#649 Genesect
53%
#1007 Koraidon
53%
#1008 Miraidon
53%
#720 Hoopa
52%
#895 Regidrago
52%
#721 Volcanion
52%
#648 Meloetta
51%
#894 Regieleki
51%
#719 Diancie
50%
#795 Pheromosa
50%
#805 Stakataka
50%
#796 Xurkitree
49%
#797 Celesteela
48%
#793 Nihilego
47%
#803 Poipole
47%
#806 Blacephalon
46%
#804 Naganadel
46%
#801 Magearna
44%
#892 Urshifu
44%
#807 Zeraora
43%
#802 Marshadow
42%
#898 Calyrex
41%
#891 Kubfu
41%
#809 Melmetal
39%
#893 Zarude
39%
#808 Meltan
38%
#1002 Chien-Pao
36%
#897 Spectrier
36%
#896 Glastrier
35%
#1017 Ogerpon
35%
#1024 Terapagos
34%
#1004 Chi-Yu
33%
#905 Enamorus
33%
#772 Type: Null
33%
#1014 Okidogi
32%
#1025 Pecharunt
32%
#773 Silvally
32%
#1003 Ting-Lu
32%
#1001 Wo-Chien
31%
#1016 Fezandipiti
30%
#1015 Munkidori
30%
No matching quizzes found
Score Distribution
Percent of People with Each Score
Percentile by Number Answered
Your Score History
You have not taken this quiz since the last reset